वलय (Record no. 48254)

MARC details
000 -LEADER
fixed length control field 00546nam a2200181Ia 4500
008 - FIXED-LENGTH DATA ELEMENTS--GENERAL INFORMATION
fixed length control field 090123s9999 xx 000 0 und d
082 ## - DEWEY DECIMAL CLASSIFICATION NUMBER
Item number 10188
100 ## - MAIN ENTRY--PERSONAL NAME
Personal name काळे वसंत पुरूषोत्तम
245 ## - TITLE STATEMENT
Title वलय
250 ## - EDITION STATEMENT
Edition statement 2
260 ## - PUBLICATION, DISTRIBUTION, ETC. (IMPRINT)
Name of publisher, distributor, etc मेहता प्रकाशन
Date of publication, distribution, etc 1985
300 ## - PHYSICAL DESCRIPTION
Extent 168
600 ## - SUBJECT ADDED ENTRY--PERSONAL NAME
Personal name काळे वसंत पुरूषोत्तम
630 ## - SUBJECT ADDED ENTRY--UNIFORM TITLE
Uniform title वलय
700 ## - ADDED ENTRY--PERSONAL NAME
Personal name काळे वसंत पुरूषोत्तम
730 ## - ADDED ENTRY--UNIFORM TITLE
Uniform title वलय
942 ## - ADDED ENTRY ELEMENTS (KOHA)
Koha item type Book
Holdings
Withdrawn status Lost status Damaged status Not for loan Home library Current library Date acquired Cost, normal purchase price Total Checkouts Full call number Barcode Date last seen Cost, replacement price Price effective from Koha item type
      Added to bundle Jawahar Wachalanalaya, Kalwa Jawahar Wachalanalaya, Kalwa 03/31/2003 35.00   10188 KLW-10188 01/23/2009 35.00 01/23/2009 Book